[Event "ICS rated blitz match"]
[Site "204.178.125.65"]
[Date "2000.09.20"]
[Round "?"]
[White "PostModernist"]
[Black "Hossa"]
[Result "1/2-1/2"]
[WhiteElo "2737"]
[BlackElo "2569"]
[PlyCount "274"]
[EventDate "2000.??.??"]

1. d4 d5 2. Nf3 Nf6 3. e3 e6 4. c4 dxc4 5. Bxc4 c5 6. O-O a6 7. Qe2 cxd4 8.
exd4 Nc6 9. Rd1 Be7 10. Bb3 O-O 11. Nc3 Qc7 12. d5 Na5 13. dxe6 Nxb3 14. exf7+
Rxf7 15. axb3 Bg4 16. h3 Bxf3 17. Qxf3 Bd6 18. Nb5 Bh2+ 19. Kh1 Qc5 20. Nd4 Be5
21. Be3 Re8 22. Rac1 Qb4 23. Rc4 Qa5 24. Nf5 Qa2 25. Bd4 Bxd4 26. Rcxd4 Qa5 27.
b4 Qe5 28. Nd6 Rd7 29. Nxe8 Rxd4 30. Rxd4 Qxd4 31. Nxf6+ gxf6 32. Qxb7 Qxf2 33.
Qa8+ Kg7 34. Qxa6 Qe1+ 35. Kh2 Qe5+ 36. Kg1 Qe3+ 37. Kf1 Qc1+ 38. Kf2 Qxb2+ 39.
Qe2 Qxb4 40. Qe3 h6 41. g4 Qd6 42. Kg2 Qd5+ 43. Kg1 Qe5 44. Qf3 Qd4+ 45. Kf1
Qd2 46. Qb7+ Kg6 47. Qe4+ Kg5 48. Qf5+ Kh4 49. Qf3 Qd6 50. Kg2 Qd2+ 51. Kh1 Qb2
52. Kg1 Qe5 53. Kg2 Kg5 54. Qf2 Qe4+ 55. Kg1 Kg6 56. Qg3 h5 57. gxh5+ Kxh5 58.
Kh2 f5 59. Qg2 Qf4+ 60. Qg3 Qd2+ 61. Qg2 Qd6+ 62. Kg1 Qd1+ 63. Kh2 Qd3 64. Qg3
Qe2+ 65. Qg2 Qe5+ 66. Qg3 Qb2+ 67. Kg1 Qc1+ 68. Kh2 Qc2+ 69. Kg1 Qc4 70. Kh2 f4
71. Qg4+ Kh6 72. h4 Qe4 73. h5 Qc2+ 74. Kh1 Qc1+ 75. Kh2 Qc2+ 76. Kh3 Qc3+ 77.
Kh2 Qc2+ 78. Kh3 Qc3+ 79. Kg2 Qd3 80. Kh2 f3 81. Kg3 Qd6+ 82. Kxf3 Qd5+ 83. Kf2
Qc5+ 84. Kf3 Qd5+ 85. Ke2 Qe5+ 86. Kd3 Qxh5 87. Qf4+ Kh7 88. Kd4 Qh3 89. Qf7+
Kh8 90. Qf6+ Kg8 91. Qg6+ Kh8 92. Qe8+ Kg7 93. Qe7+ Kh6 94. Qf6+ Kh5 95. Qh8+
Kg4 96. Qg8+ Kh4 97. Qh7+ Kg4 98. Qg6+ Kh4 99. Qh6+ Kg4 100. Qe6+ Kh4 101. Qe7+
Kh5 102. Qe5+ Kg6 103. Qd6+ Kh5 104. Qd5+ Kh6 105. Qg8 Qh4+ 106. Kc3 Qh3+ 107.
Kc4 Qf3 108. Qh8+ Kg6 109. Qe5 Qh3 110. Qd6+ Kh5 111. Qc5+ Kh6 112. Qf8+ Kh7
113. Qf6 Qh2 114. Qf5+ Kh8 115. Qc8+ Kg7 116. Qg4+ Kh7 117. Qe4+ Kh8 118. Qd4+
Kg8 119. Qd5+ Kh7 120. Qf7+ Kh8 121. Qf8+ Kh7 122. Qe7+ Kg8 123. Qe6+ Kh8 124.
Qe8+ Kh7 125. Qd7+ Kh8 126. Qd8+ Kg7 127. Qg5+ Kf8 128. Qf6+ Kg8 129. Qg6+ Kf8
130. Qf5+ Kg8 131. Qg6+ Kf8 132. Kd5 Qh1+ 133. Kc5 Qf1 134. Qe6 Qg1+ 135. Kd5
Qf1 136. Kd6 Qg1 137. Qf7+ Kxf7 {Game drawn by the 50 move rule} 1/2-1/2

[Event "ICS rated blitz match"]
[Site "204.178.125.65"]
[Date "2000.09.20"]
[Round "?"]
[White "Hossa"]
[Black "Suuruudenhullu"]
[Result "1-0"]
[WhiteElo "2576"]
[BlackElo "1905"]
[PlyCount "57"]
[EventDate "2000.??.??"]

1. e4 e5 2. Nf3 Nf6 3. Nxe5 d6 4. Nf3 Nxe4 5. d4 d5 6. Bd3 Nc6 7. O-O Bg4 8. c3
Be7 9. Re1 f5 10. Qb3 Qd7 11. Qxb7 Rb8 12. Qa6 O-O 13. Nbd2 Rb6 14. Qa4 Qd6 15.
Ne5 Nxe5 16. dxe5 Qxe5 17. Nb3 Rh6 18. Bxh6 gxh6 19. h3 Bh5 20. Qxa7 Bd6 21. g3
Qg7 22. Qd4 Be5 23. Qxd5+ Kh8 24. Bxe4 fxe4 25. Rxe4 Bxg3 26. Qxh5 Bxf2+ 27.
Kh1 Bg3 28. Rg1 Rg8 29. Rg4 {Suuruudenhullu resigns} 1-0

[Event "ICS rated blitz match"]
[Site "204.178.125.65"]
[Date "2000.09.20"]
[Round "?"]
[White "Hossa"]
[Black "PostModernist"]
[Result "0-1"]
[WhiteElo "2573"]
[BlackElo "2761"]
[PlyCount "132"]
[EventDate "2000.??.??"]

1. e4 Nc6 2. d4 d5 3. Nc3 e6 4. e5 Nb8 5. Nf3 b6 6. Bd3 Ba6 7. Bxa6 Nxa6 8. O-O
c6 9. Ne2 Be7 10. Be3 Qc7 11. Ng3 O-O-O 12. a4 h5 13. Qe2 Kb7 14. h4 Nh6 15. c4
Ng4 16. a5 bxa5 17. Bd2 Nb4 18. cxd5 Rxd5 19. Rfc1 Qb6 20. Bxb4 axb4 21. Qc4
Qb5 22. Qa2 a5 23. b3 f6 24. exf6 Bxf6 25. Ne4 Be7 26. Neg5 Bxg5 27. Nxg5 e5
28. dxe5 Nxe5 29. Re1 Rf8 30. Re2 Rf4 31. g3 Rf6 32. f4 Nd7 33. Rae1 Rd3 34.
Re3 Qd5 35. Rxd3 Qxd3 36. Kg2 Qd5+ 37. Kh2 Rd6 38. Ne4 Re6 39. Qb1 Kc7 40. Kh3
Kb6 41. Nd2 Rxe1 42. Qxe1 Nc5 43. Nc4+ Ka6 44. Qg1 a4 45. Kh2 axb3 46. Qa1+ Kb5
47. Ne5 Na4 48. Qf1+ Kb6 49. Nc4+ Kc5 50. Ne5 b2 51. Qb1 Kb6 52. Kh3 b3 53. Qe1
Nc3 54. Nc4+ Qxc4 55. Qf2+ c5 56. Qxb2 Qf1+ 57. Kh2 Qe2+ 58. Qxe2 Nxe2 59. Kg2
b2 60. Kf2 Nd4 61. g4 b1=Q 62. gxh5 Qd1 63. h6 Qf3+ 64. Kg1 Ne2+ 65. Kh2 Qf2+
66. Kh3 Qg3# {Hossa checkmated} 0-1

[Event "ICS rated blitz match"]
[Site "204.178.125.65"]
[Date "2000.09.20"]
[Round "?"]
[White "Powerslave"]
[Black "Hossa"]
[Result "1-0"]
[WhiteElo "2824"]
[BlackElo "2565"]
[PlyCount "83"]
[EventDate "2000.??.??"]

1. d4 d5 2. Nf3 Nf6 3. Bg5 Ne4 4. Bh4 f6 5. c4 g5 6. Bg3 dxc4 7. Qc2 Nxg3 8.
hxg3 g4 9. Rxh7 Rxh7 10. Qxh7 Qd6 11. Nfd2 Qxd4 12. Qh5+ Kd8 13. Nc3 f5 14. Rd1
Bd7 15. Nde4 Qe5 16. Ng5 Kc8 17. Rd5 Qf6 18. Rxd7 Kxd7 19. Nh7 Qe5 20. Nxf8+
Kd8 21. e4 Nc6 22. Ng6 Qf6 23. Bxc4 b5 24. Bxb5 Nd4 25. Qh7 Kc8 26. Nd5 Qd6 27.
Qh8+ Kb7 28. Qxd4 c6 29. Bxc6+ Kxc6 30. e5 Qd8 31. Ngxe7+ Kb7 32. Qb4+ Qb6 33.
Nxb6 axb6 34. Nd5 Ra6 35. Qd6 b5 36. Qc7+ Ka8 37. Nb6+ Rxb6 38. Qxb6 f4 39. e6
fxg3 40. e7 gxf2+ 41. Kf1 g3 42. e8=Q# {Hossa checkmated} 1-0

[Event "ICS rated blitz match"]
[Site "204.178.125.65"]
[Date "2000.09.20"]
[Round "?"]
[White "Hossa"]
[Black "Valg"]
[Result "1-0"]
[WhiteElo "2559"]
[BlackElo "2456"]
[PlyCount "93"]
[EventDate "2000.??.??"]

1. e4 e5 2. Nf3 Nc6 3. Bc4 Nf6 4. Ng5 Bc5 5. Nxf7 Bxf2+ 6. Kf1 Qe7 7. Nxh8 d5
8. exd5 Nd4 9. d6 cxd6 10. Kxf2 Qf8 11. Rf1 Bg4 12. Bb5+ Nxb5 13. Qe1 Qxh8 14.
d3 Nd4 15. Qb4 O-O-O 16. Be3 Nc6 17. Qa4 Kb8 18. Kg1 Be2 19. Rf2 Bh5 20. Rf5
Bg6 21. Rf1 Nd5 22. Bf2 Rf8 23. Nc3 Nc7 24. Qa3 Rf6 25. Bh4 Re6 26. b4 Nd4 27.
Bf2 Qd8 28. Qb2 Qg5 29. b5 d5 30. a4 Nf3+ 31. Kh1 Nd4 32. a5 b6 33. axb6 Rxb6
34. Bxd4 exd4 35. Qa2 a6 36. Qa5 Rf6 37. Rxf6 gxf6 38. Ne2 axb5 39. Nxd4 Kc8
40. Nxb5 Nxb5 41. Qxb5 Qe3 42. Qc6+ Kd8 43. Qb7 Qc1+ 44. Rxc1 d4 45. Ra1 Bf5
46. Ra8+ Bc8 47. Rxc8# {Valg checkmated} 1-0

[Event "ICS Rated blitz match"]
[Site "204.178.125.65"]
[Date "2000.09.20"]
[Round "?"]
[White "UltraMaster"]
[Black "Hossa"]
[Result "1-0"]
[WhiteElo "2526"]
[BlackElo "2570"]
[PlyCount "127"]
[EventDate "2000.??.??"]

1. e4 c5 2. b3 d6 3. Bb2 Nc6 4. Nc3 Nf6 5. f4 e5 6. fxe5 dxe5 7. Bb5 Bd7 8. Nf3
Bd6 9. O-O a6 10. Be2 O-O 11. d3 Nd4 12. Qd2 Qb6 13. Kh1 Nxe2 14. Nxe2 Qc7 15.
Nh4 Ng4 16. Nf5 Bxf5 17. Rxf5 Qe7 18. Rg5 Qd7 19. h3 Nf2+ 20. Kg1 Nxh3+ 21.
gxh3 Qxh3 22. Bxe5 Bxe5 23. Rxe5 Qg4+ 24. Kh2 b6 25. Rg5 Qh4+ 26. Kg2 f6 27.
Rg3 Rad8 28. Qc3 Qh5 29. Nf4 Qf7 30. Rg1 g5 31. Nd5 Rxd5 32. exd5 Qxd5+ 33. Kf2
Qc6 34. Qc4+ Kg7 35. Qxa6 Ra8 36. Qc4 Qc7 37. Qe4 Qd8 38. Qb7+ Kg6 39. Rh1 Qd4+
40. Kg2 Rh8 41. Rf1 h6 42. Qxb6 Re8 43. Rf2 Qd5+ 44. Rgf3 Re6 45. Qb8 Kg7 46.
Kh2 Qd7 47. Rf5 Rc6 48. a4 h5 49. a5 Qe7 50. Qb5 Qc7+ 51. Kh1 Qc8 52. Qc4 Qb7
53. Qc3 Kh7 54. Kg1 Qe7 55. Rxf6 Rc7 56. Rf8 Qg7 57. R2f6 Re7 58. Qxc5 Qxf6 59.
Rxf6 Rg7 60. Qf5+ Kh8 61. Rh6+ Kg8 62. Qf6 h4 63. Qd8+ Kf7 64. Rf6# {
Hossa checkmated} 1-0

[Event "ICS rated blitz match"]
[Site "204.178.125.65"]
[Date "2000.09.20"]
[Round "?"]
[White "Hossa"]
[Black "PostModernist"]
[Result "1-0"]
[WhiteElo "2552"]
[BlackElo "2769"]
[PlyCount "127"]
[EventDate "2000.??.??"]

1. d4 Nf6 2. c4 g6 3. Nc3 d5 4. Qb3 dxc4 5. Qxc4 Bg7 6. e4 O-O 7. Nf3 a6 8. Bd3
Bg4 9. Ne5 b5 10. Qb4 Be6 11. O-O Qd6 12. a3 Nh5 13. Qxd6 cxd6 14. Nf3 Bg4 15.
Be3 Bxf3 16. gxf3 Nc6 17. Ne2 e6 18. Rac1 Rac8 19. Rc2 Ne7 20. Rfc1 Rxc2 21.
Rxc2 Rc8 22. Rxc8+ Nxc8 23. a4 bxa4 24. Bxa6 Nb6 25. Bb5 h6 26. d5 Na8 27. dxe6
fxe6 28. Bxa4 Bxb2 29. Bc6 Nc7 30. Bxh6 Kf7 31. Bg5 Na6 32. Kg2 Nb4 33. Bb5 Nc2
34. Kf1 d5 35. Ba4 Na3 36. Kg2 d4 37. Bb3 d3 38. Nc1 Bxc1 39. Bxc1 Nb1 40. Be3
Nc3 41. Bc4 Ne2 42. Kf1 Nef4 43. Ke1 Ng2+ 44. Kd2 Nh4 45. f4 Nf3+ 46. Kxd3 Nxh2
47. f5 gxf5 48. exf5 Ng7 49. fxe6+ Nxe6 50. Ke4 Kf6 51. Be2 Kg6 52. f4 Ng7 53.
Ke5 Nf5 54. Bg1 Nh6 55. Bxh2 Nf7+ 56. Kd5 Kf6 57. Bd3 Nh6 58. Bg1 Ng4 59. f5
Ke7 60. Bd4 Kf7 61. Be2 Nh6 62. Bh5+ Kf8 63. Ke6 Nf7 64. Bc5+ {
PostModernist resigns} 1-0

[Event "ICS rated blitz match"]
[Site "204.178.125.65"]
[Date "2000.09.20"]
[Round "?"]
[White "PostModernist"]
[Black "Hossa"]
[Result "1-0"]
[WhiteElo "2744"]
[BlackElo "2577"]
[PlyCount "114"]
[EventDate "2000.??.??"]

1. e4 e5 2. Bc4 Nf6 3. d3 c6 4. Nf3 d5 5. Bb3 Bd6 6. O-O dxe4 7. dxe4 Nxe4 8.
Re1 Bf5 9. Qd3 Ng3 10. Qc4 Be6 11. Qc3 Nf5 12. Bxe6 fxe6 13. Bg5 Qc8 14. g4 Ne7
15. Bxe7 Kxe7 16. Nxe5 Rd8 17. Nf3 Kf8 18. Ng5 Kg8 19. Qb3 c5 20. Qc4 Re8 21.
Qd3 Bxh2+ 22. Kxh2 g6 23. Qd6 Nd7 24. Rxe6 Kh8 25. Re7 Rxe7 26. Qxe7 Qg8 27.
Nf7+ Kg7 28. Nd8+ Kh8 29. Ne6 Re8 30. Qxd7 Qxe6 31. Qxe6 Rxe6 32. Nc3 Kg8 33.
Rd1 Rb6 34. b3 c4 35. bxc4 Rb2 36. Rd2 Rb4 37. Nb5 Rxc4 38. Nxa7 Rxg4 39. Rd8+
Kg7 40. Rd7+ Kh6 41. Rxb7 Ra4 42. Nc6 Rxa2 43. Nd4 Ra4 44. Rd7 Rc4 45. Kg3 Rc5
46. Kf4 Rc8 47. Ke5 Rc5+ 48. Kd6 Rc4 49. Kd5 Rc3 50. f4 Rh3 51. Ne6 Rc3 52. Rc7
Rxc7 53. Nxc7 Kh5 54. c4 g5 55. fxg5 Kxg5 56. c5 h5 57. Ne6+ Kg4 {Hossa resigns
} 1-0

[Event "ICS rated blitz match"]
[Site "204.178.125.65"]
[Date "2000.09.20"]
[Round "?"]
[White "Hossa"]
[Black "PostModernist"]
[Result "0-1"]
[WhiteElo "2568"]
[BlackElo "2753"]
[PlyCount "118"]
[EventDate "2000.??.??"]

1. e4 c5 2. b3 d6 3. Bb2 Nf6 4. Nc3 Nc6 5. Nf3 e5 6. Bc4 Be7 7. d3 Nd4 8. Nd5
Bg4 9. Nxe7 Bxf3 10. gxf3 Qxe7 11. c3 Ne6 12. a4 O-O 13. Bc1 Nh5 14. Be3 Nhf4
15. Kd2 a5 16. Kc2 Rfd8 17. h4 d5 18. exd5 Nxd5 19. Qg1 Qf6 20. Bxd5 Rxd5 21.
Qg4 Rad8 22. Rad1 Nf4 23. Bxf4 exf4 24. Rhe1 Qd6 25. Rg1 g6 26. Kb2 h5 27. Qg2
Rxd3 28. Rxd3 Qxd3 29. Qg5 Qe2+ 30. Ka3 Rd1 31. Rxd1 Qxd1 32. Kb2 Qd2+ 33. Kb1
Qxc3 34. Qd8+ Kg7 35. Qd1 Qf6 36. Qh1 Qe7 37. Qc1 Qxh4 38. Qxc5 Qh1+ 39. Kb2
Qxf3 40. Qd4+ f6 41. Qd7+ Kh6 42. Qd4 h4 43. Ka3 f5 44. Qh8+ Kg5 45. Qd8+ Kg4
46. Qe8 g5 47. Qe1 h3 48. Qg1+ Kh4 49. Qa1 Qxf2 50. Qh8+ Kg4 51. Qh7 h2 52.
Qxb7 Qc5+ 53. Kb2 f3 54. Qh7 Qe5+ 55. Kc2 f2 56. b4 f1=Q 57. Qh5+ Kxh5 58. Kb3
Qd1+ 59. Kc4 Qdd5# {Hossa checkmated} 0-1

[Event "ICS rated blitz match"]
[Site "204.178.125.65"]
[Date "2000.09.20"]
[Round "?"]
[White "PostModernist"]
[Black "Hossa"]
[Result "0-1"]
[WhiteElo "2761"]
[BlackElo "2560"]
[PlyCount "98"]
[EventDate "2000.??.??"]

1. d4 d5 2. Nf3 Nf6 3. e3 e6 4. Bd3 c5 5. c3 Be7 6. Nbd2 Nc6 7. O-O O-O 8. b3
cxd4 9. exd4 Qc7 10. Qe2 Nh5 11. g3 Nf6 12. Bb2 Ng4 13. Rfe1 Bd7 14. Qf1 Rac8
15. a4 e5 16. dxe5 Bc5 17. Nd4 Ncxe5 18. Bb1 Rfe8 19. Qh3 Ng6 20. Bxg6 hxg6 21.
Qf1 Rxe1 22. Qxe1 Re8 23. Qd1 Qe5 24. N2f3 Qh5 25. Rc1 Nf6 26. Qd3 Ne4 27. Re1
Bf8 28. Qf1 Bh3 29. Qb5 Re7 30. Re3 a6 31. Qe2 g5 32. a5 g6 33. Qe1 Rd7 34. Nd2
Nf6 35. f3 Rc7 36. Re5 Bc5 37. Qe3 Bd6 38. Kh1 Qh8 39. Rxg5 Re7 40. Qg1 Bc5 41.
Qd1 Re8 42. c4 Qh6 43. f4 Ng4 44. Kg1 Nxh2 45. Rxd5 Bg4 46. Qa1 Qh3 47. Rxc5
Qxg3+ 48. Kh1 Re1+ 49. Qxe1 Qxe1+ {PostModernist resigns} 0-1

[Event "ICS rated blitz match"]
[Site "204.178.125.65"]
[Date "2000.09.20"]
[Round "?"]
[White "Hossa"]
[Black "Powerslave"]
[Result "0-1"]
[WhiteElo "2580"]
[BlackElo "2808"]
[PlyCount "108"]
[EventDate "2000.??.??"]

1. e4 c5 2. Nf3 Nc6 3. d4 cxd4 4. Nxd4 e6 5. Nc3 Qc7 6. Ncb5 Qb8 7. Bd3 a6 8.
Nxc6 dxc6 9. Nc3 Qc7 10. Bg5 Be7 11. Bxe7 Nxe7 12. Qh5 O-O 13. O-O e5 14. Rfd1
Be6 15. Rd2 Ng6 16. g3 Rfd8 17. Rad1 Qb6 18. b3 Qa5 19. Na4 b5 20. Nc5 Bc8 21.
Qg5 h6 22. Qe3 Qxa2 23. b4 Nf8 24. c3 Qa3 25. Bc2 Rxd2 26. Qxd2 a5 27. Nb3 a4
28. Na5 Ra6 29. Bd3 Bg4 30. Rb1 Ne6 31. Nb7 Ra7 32. Na5 Ng5 33. Qc2 Rc7 34. h4
Nf3+ 35. Kg2 c5 36. Bxb5 cxb4 37. Qxa4 Nd2 38. Qxa3 bxa3 39. Rc1 Bf3+ 40. Kh2
a2 41. Ra1 Rxc3 42. Ba6 Rc5 43. Nb7 Rc2 44. Na5 Nxe4 45. Kg1 Nxf2 46. Bc4 Nh3+
47. Kf1 Rb2 48. Bxa2 Rh2 49. Bxf7+ Kxf7 50. Ke1 Rh1+ 51. Kd2 Rxa1 52. Nc4 Ke6
53. Kc2 Rg1 54. Kd2 Rg2+ {Hossa resigns} 0-1

[Event "ICS rated standard match"]
[Site "204.178.125.65"]
[Date "2000.09.20"]
[Round "?"]
[White "Hossa"]
[Black "alkhateeb"]
[Result "1/2-1/2"]
[WhiteElo "2367"]
[BlackElo "2405"]
[PlyCount "101"]
[EventDate "2000.??.??"]

1. e4 c5 2. Nf3 e6 3. d4 cxd4 4. Nxd4 Nc6 5. Nc3 Qc7 6. Be2 a6 7. O-O Nf6 8.
Be3 Bb4 9. Na4 Be7 10. Nxc6 bxc6 11. Nb6 Rb8 12. Nxc8 Qxc8 13. e5 Nd5 14. Bc1
Bc5 15. a3 a5 16. c4 Ne7 17. Re1 Qc7 18. Bh5 Ng6 19. Bxg6 hxg6 20. Qd3 a4 21.
Qd1 Rb3 22. h3 Rh5 23. Re2 Rf5 24. h4 Qa7 25. Qe1 Bd4 26. Rb1 Qc5 27. Bd2 Qxc4
28. Rc1 Qd5 29. Bc3 Ba7 30. Rd1 Qc4 31. g3 Qg4 32. Rd3 g5 33. hxg5 Rxg5 34. Kg2
Rh5 35. f4 Qh3+ 36. Kf3 g5 37. Rdd2 gxf4 38. Rh2 Qxh2 39. Rxh2 Rxh2 40. Kxf4
Bc5 41. Qe4 Rf2+ 42. Kg4 Rb8 43. Qc4 Be3 44. Qxa4 Ke7 45. Qe4 Rg8+ 46. Kh3 Rh8+
47. Kg4 Rg8+ 48. Kh3 Rh8+ 49. Kg4 Rg8+ 50. Kh3 Rh8+ 51. Kg4 {
Game drawn by repetition} 1/2-1/2

[Event "ICS rated standard match"]
[Site "204.178.125.65"]
[Date "2000.09.20"]
[Round "?"]
[White "alkhateeb"]
[Black "Hossa"]
[Result "0-1"]
[WhiteElo "2403"]
[BlackElo "2369"]
[PlyCount "78"]
[EventDate "2000.??.??"]

1. d4 d5 2. Nf3 Nf6 3. Bf4 Bf5 4. e3 e6 5. c4 Bxb1 6. Rxb1 Bb4+ 7. Ke2 Na6 8.
c5 c6 9. Ne1 Ne4 10. Nd3 Ba5 11. f3 Nd2 12. Rc1 Nxf1 13. Rxf1 O-O 14. a3 Bc7
15. b4 Bxf4 16. Nxf4 Re8 17. Kf2 e5 18. dxe5 Rxe5 19. Qd2 Nc7 20. Ne2 Qh4+ 21.
Kg1 Rh5 22. h3 Re8 23. Rce1 Rhe5 24. Nd4 Ne6 25. Qf2 Qf6 26. Nb3 Nc7 27. Nd4
R5e7 28. Re2 Ne6 29. Nc2 b6 30. cxb6 axb6 31. e4 d4 32. e5 Qg6 33. Nxd4 Nf4 34.
Kh1 Nxe2 35. Qxe2 c5 36. bxc5 bxc5 37. Nb3 Rxe5 38. Qc4 Qg3 39. f4 Re1 {
alkhateeb resigns} 0-1

[Event "ICS rated blitz match"]
[Site "204.178.125.65"]
[Date "2000.09.20"]
[Round "?"]
[White "leti"]
[Black "Hossa"]
[Result "0-1"]
[WhiteElo "2032"]
[BlackElo "2573"]
[PlyCount "56"]
[EventDate "2000.??.??"]

1. d4 d5 2. c4 e6 3. Nc3 Nf6 4. Bg5 Be7 5. cxd5 exd5 6. e3 O-O 7. Bd3 Be6 8.
Nf3 Nbd7 9. O-O c5 10. dxc5 Nxc5 11. Bc2 Nce4 12. Bxf6 Nxf6 13. Nd4 Rc8 14.
Nde2 Bd6 15. Qd3 Qc7 16. Ng3 Qb6 17. Rac1 Qxb2 18. Bb1 Be5 19. Nce2 Bg4 20. Nd4
Rxc1 21. Rxc1 Qxc1+ 22. Nf1 Bd7 23. f4 Bxd4 24. exd4 Qxf4 25. g3 Qc1 26. h4 Bh3
27. Kh2 Bxf1 28. Qf5 Qd2+ {leti resigns} 0-1

[Event "ICS rated blitz match"]
[Site "204.178.125.65"]
[Date "2000.09.20"]
[Round "?"]
[White "Hossa"]
[Black "leti"]
[Result "1-0"]
[WhiteElo "2574"]
[BlackElo "2031"]
[PlyCount "33"]
[EventDate "2000.??.??"]

1. e4 c6 2. d4 d5 3. Nc3 dxe4 4. Nxe4 Bf5 5. Ng3 Bg6 6. h4 h6 7. Nf3 Nd7 8. h5
Bh7 9. Bd3 Bxd3 10. Qxd3 Qc7 11. Bd2 O-O-O 12. Rh4 e5 13. dxe5 Nxe5 14. Qf5+
Nd7 15. Qxf7 Ngf6 16. O-O-O Kb8 17. Bf4 {leti resigns} 1-0

[Event "ICS Rated blitz match"]
[Site "204.178.125.65"]
[Date "2000.09.20"]
[Round "?"]
[White "Powerslave"]
[Black "Hossa"]
[Result "0-1"]
[WhiteElo "2820"]
[BlackElo "2575"]
[PlyCount "82"]
[EventDate "2000.??.??"]

1. e4 e5 2. Bc4 Nf6 3. d3 c6 4. Nf3 d5 5. Bb3 Bd6 6. Nc3 dxe4 7. Ng5 O-O 8.
Ncxe4 Nxe4 9. Nxe4 Na6 10. Ke2 Nc5 11. Be3 Nxb3 12. axb3 Be7 13. Rxa7 Rxa7 14.
Bxa7 b6 15. g3 Bg4+ 16. f3 Bf5 17. Qd2 Qc7 18. Ra1 Qb7 19. Qc3 Bxe4 20. fxe4
Ra8 21. Qxe5 Rxa7 22. Ra4 b5 23. Rxa7 Qxa7 24. d4 Qd7 25. Kd3 Bd6 26. Qh5 g6
27. Qe2 f6 28. Ke3 Qa7 29. Qg4 Kg7 30. Qc8 c5 31. d5 Be5 32. Qc6 c4+ 33. Kf3
cxb3 34. cxb3 b4 35. Qb5 Qe7 36. Qe2 Qc5 37. Kg2 Qc1 38. Kh3 Qxb2 39. Qd1 Qd4
40. Qe2 f5 41. exf5 Qxd5 {Powerslave resigns} 0-1

[Event "ICS rated blitz match"]
[Site "204.178.125.65"]
[Date "2000.09.20"]
[Round "?"]
[White "Hossa"]
[Black "Powerslave"]
[Result "0-1"]
[WhiteElo "2601"]
[BlackElo "2794"]
[PlyCount "90"]
[EventDate "2000.??.??"]

1. d4 e6 2. Nf3 Nf6 3. Bg5 c5 4. e3 h6 5. Bh4 b6 6. Nc3 Bb7 7. dxc5 Bxc5 8. Bg3
O-O 9. Nb5 Ne4 10. Nd6 Nxd6 11. Bxd6 Bxd6 12. Qxd6 Bxf3 13. gxf3 Qf6 14. O-O-O
Qxf3 15. Bd3 Nc6 16. Rhf1 Rfd8 17. Ba6 Rab8 18. Qc7 Nb4 19. Rxd7 Rxd7 20. Qxb8+
Kh7 21. Bb5 Qd5 22. Bxd7 Qc4 23. Ba4 Qxf1+ 24. Kd2 Qxf2+ 25. Kd1 Nd5 26. Qg3
Nxe3+ 27. Kc1 Qe2 28. b4 Qd1+ 29. Kb2 Qd4+ 30. Kb3 Qc4+ 31. Kb2 Qxb4+ 32. Bb3
Qd4+ 33. Kb1 f5 34. Qc7 Nd1 35. Kc1 Nc3 36. a3 Ne4 37. Kb1 Nd2+ 38. Ka2 Qg1 39.
a4 Qb1+ 40. Ka3 Nxb3 41. cxb3 Qa1+ 42. Kb4 Qd4+ 43. Kb5 Qd3+ 44. Qc4 Qxc4+ 45.
Kxc4 e5 {Hossa resigns} 0-1

[Event "ICS rated blitz match"]
[Site "204.178.125.65"]
[Date "2000.09.20"]
[Round "?"]
[White "counterplay"]
[Black "Hossa"]
[Result "1-0"]
[WhiteElo "2726"]
[BlackElo "2593"]
[PlyCount "103"]
[EventDate "2000.??.??"]

1. d4 d6 2. c4 e5 3. dxe5 dxe5 4. Qxd8+ Kxd8 5. Nc3 Be6 6. b3 Nc6 7. Bb2 Nf6 8.
O-O-O+ Kc8 9. Nh3 h6 10. e3 Bc5 11. Be2 Bf5 12. Rhg1 Bd6 13. g4 Bg6 14. f4 Bc5
15. Rg3 h5 16. f5 h4 17. Rf3 Bh7 18. Nf2 Re8 19. Rh3 g5 20. Kb1 Nd4 21. Bd3 Nc6
22. Nd5 Nxd5 23. cxd5 Nb4 24. Bc4 Bd6 25. Ne4 Be7 26. a3 Na6 27. Rc1 Kb8 28. b4
Bg8 29. Bxe5 Bd6 30. Bxd6 Rxe4 31. Bf8 Kc8 32. Be2 Kd7 33. Bg7 Nb8 34. Bf6 a5
35. b5 Kd6 36. Bxg5 Nd7 37. Bf3 Ree8 38. Rxh4 Ne5 39. Rh6+ Kd7 40. b6 Rec8 41.
Be2 c6 42. dxc6+ Nxc6 43. Rd1+ Ke8 44. Rh8 Kf8 45. f6 Ne7 46. Bb5 Rc6 47. Bxc6
bxc6 48. Rd8+ Rxd8 49. fxe7+ Kg7 50. exd8=Q Bh7+ 51. Ka1 Be4 52. Qg8# {
Hossa checkmated} 1-0

[Event "ICS Rated blitz match"]
[Site "204.178.125.65"]
[Date "2000.09.20"]
[Round "?"]
[White "Powerslave"]
[Black "Hossa"]
[Result "1/2-1/2"]
[WhiteElo "2802"]
[BlackElo "2583"]
[PlyCount "263"]
[EventDate "2000.??.??"]

1. d4 Nf6 2. c4 e6 3. Nf3 d5 4. Nc3 Be7 5. Bf4 c5 6. dxc5 Bxc5 7. e3 O-O 8. Be2
Qb6 9. Qb3 Qxb3 10. axb3 Nc6 11. O-O Bb4 12. h4 dxc4 13. bxc4 Bxc3 14. bxc3 Re8
15. Ne5 Nxe5 16. Bxe5 Bd7 17. Bf3 Bc6 18. Bxc6 bxc6 19. Bxf6 gxf6 20. Ra6 Rec8
21. Rfa1 Rc7 22. Kf1 Kg7 23. Ke2 c5 24. R1a5 Kg6 25. Rb5 Rd8 26. Raa5 Rdc8 27.
Rb2 Kh5 28. g3 Kg4 29. Rb1 h5 30. Ra6 Rd8 31. Raa1 Rcd7 32. Rb2 Rc8 33. f3+ Kf5
34. Ra5 Kg6 35. Rbb5 Rdc7 36. Ra6 Rd8 37. e4 f5 38. e5 Re8 39. Rba5 Ra8 40. f4
Kh7 41. Ra1 Kg7 42. Ke3 Kf8 43. Kf2 Ke7 44. Kf3 Ke8 45. R1a3 Kf8 46. Ra2 Kg8
47. Rd2 Kg7 48. Ke2 Kg6 49. Rdd6 Rac8 50. Ra5 Rb8 51. Ke3 Rb3 52. Kd3 Rb1 53.
Ke3 Rc1 54. Ra3 Rg1 55. Kf2 Rb1 56. Rd2 Rb8 57. Rda2 Ra8 58. Ra6 Kh7 59. R2a5
Kg8 60. Rd6 Kf8 61. Ra4 Kg7 62. Raa6 Rac8 63. Ke3 Kg6 64. Ra5 Kh6 65. Rda6 Rg8
66. Kf2 Ra8 67. Rb5 Kg6 68. Ke2 Kh7 69. Ke3 Kg7 70. Kd2 Kh6 71. Ke1 Rg8 72. Kf2
Kg7 73. Kf3 Rd8 74. Rd6 Re8 75. Rb2 Rg8 76. Ra2 Rb8 77. Raa6 Rb3 78. Rd3 Rb2
79. Rd8 Rb1 80. Ke3 Rc1 81. Rd3 Rc2 82. Ra5 f6 83. exf6+ Kxf6 84. Kf3 Rc1 85.
Re3 Rb1 86. Rb5 Rf1+ 87. Ke2 Rg1 88. Rb8 Rc6 89. Rh8 Kg6 90. Rg8+ Kh7 91. Re8
Ra6 92. Re7+ Kg8 93. Kf2 Rc1 94. R3xe6 Rxe6 95. Rxe6 Rc2+ 96. Ke1 Rxc3 97. Re5
Rxg3 98. Rxc5 Rh3 99. Rxf5 Rxh4 100. c5 Rh2 101. Kd1 Rh1+ 102. Kc2 Rh2+ 103.
Kc3 Rh1 104. Kd4 Kg7 105. c6 Rd1+ 106. Kc5 Kg6 107. Rd5 Rc1+ 108. Kd6 h4 109.
Rg5+ Kf6 110. c7 h3 111. Rh5 Rd1+ 112. Kc6 Rc1+ 113. Kb7 Rb1+ 114. Kxa7 Ra1+
115. Kb7 Rb1+ 116. Kc6 Rc1+ 117. Kd7 Rd1+ 118. Kc8 Rh1 119. Rh6+ Kf7 120. f5 h2
121. Rh7+ Kf6 122. Rh5 Ke7 123. Rh3 Kf6 124. Rh4 Kxf5 125. Rh7 Kg4 126. Rh6 Kg3
127. Kd7 Rd1+ 128. Ke7 Re1+ 129. Kd7 Rd1+ 130. Ke7 Re1+ 131. Kd7 Rd1+ 132. Ke7
{Game drawn by repetition} 1/2-1/2

[Event "ICS rated blitz match"]
[Site "204.178.125.65"]
[Date "2000.09.20"]
[Round "?"]
[White "Hossa"]
[Black "Powerslave"]
[Result "0-1"]
[WhiteElo "2592"]
[BlackElo "2793"]
[PlyCount "128"]
[EventDate "2000.??.??"]

1. d4 e6 2. c4 Nf6 3. Nf3 c5 4. d5 exd5 5. cxd5 d6 6. Nc3 g6 7. e4 Bg7 8. Bd3
O-O 9. O-O Bg4 10. h3 Bxf3 11. Qxf3 Nbd7 12. Bb5 a6 13. Be2 b5 14. Bg5 b4 15.
Nb1 h6 16. Bc1 Re8 17. Nd2 Qe7 18. Re1 Nxe4 19. Nc4 f5 20. Bf1 Ne5 21. Nxe5
Qxe5 22. Rd1 Bf6 23. Bc4 Bh4 24. Rf1 Qd4 25. Qe3 Qxc4 26. Qxh6 Bxf2+ 27. Rxf2
Kf7 28. Qh7+ Kf6 29. b3 Qxd5 30. Bb2+ Nc3 31. g4 Rh8 32. g5+ Kxg5 33. Qe7+ Kh5
34. h4 f4 35. Bxc3 bxc3 36. Rxf4 Rae8 37. Qg7 Qd3 38. Raf1 Qg3+ 39. Kh1 d5 40.
Qf7 Re2 41. Qxd5+ Kh6 42. Qg5+ Qxg5 43. hxg5+ Kxg5+ 44. Kg1 Rhh2 45. R1f3 Reg2+
46. Kf1 Rxa2 47. Kg1 Rhg2+ 48. Kf1 Rgb2 49. Re4 Ra1+ 50. Re1 Rxe1+ 51. Kxe1
Rxb3 52. Rd3 Rb1+ 53. Ke2 c2 54. Rd5+ Kf4 55. Rxc5 c1=Q 56. Rxc1 Rxc1 57. Kd3
a5 58. Kd4 a4 59. Kd5 a3 60. Kd6 a2 61. Ke7 a1=Q 62. Kf7 Rc7+ 63. Kxg6 Qa6+ 64.
Kh5 Rh7# {Hossa checkmated} 0-1